Loading...
| Science - Physics | 0 | 8 | 2 | 0 | 70 | 60 | 91.75 | 0 | 0 | 0.00 | 0.00 |
| Philosophy | 0 | 5 | 1 | 3 | 45 | 113 | 126.60 | 0 | 0 | 0.00 | 0.00 |
| Science - Other | 0 | 4 | 0 | 1 | 40 | 96 | 111.75 | 0 | 0 | 0.00 | 0.00 |
| Literature - American | 0 | 4 | 0 | 1 | 40 | 137 | 142.00 | 0 | 0 | 0.00 | 0.00 |
| Science - Chemistry | 0 | 3 | 0 | 1 | 30 | 114 | 123.00 | 0 | 0 | 0.00 | 0.00 |
| Literature - British | 0 | 3 | 1 | 1 | 25 | 135 | 139.00 | 0 | 0 | 0.00 | 0.00 |
| Literature - World | 0 | 2 | 0 | 0 | 20 | 124 | 136.00 | 0 | 0 | 0.00 | 0.00 |
| Fine Arts - Other | 0 | 2 | 0 | 1 | 20 | 136 | 144.00 | 0 | 0 | 0.00 | 0.00 |
| Literature - European | 0 | 2 | 0 | 0 | 20 | 124 | 136.50 | 0 | 0 | 0.00 | 0.00 |
| Fine Arts - Classical Music | 0 | 2 | 1 | 0 | 15 | 123 | 132.00 | 0 | 0 | 0.00 | 0.00 |
| Religion | 0 | 1 | 0 | 1 | 10 | 138 | 138.00 | 0 | 0 | 0.00 | 0.00 |
| Social Science | 0 | 1 | 1 | 0 | 5 | 102 | 102.00 | 0 | 0 | 0.00 | 0.00 |
| Current Events | 0 | 1 | 1 | 0 | 5 | 78 | 78.00 | 0 | 1 | 0.00 | 0.00 |